Statistieken voor Landen in willekeurige volgorde op een wereldkaart

Klik hier om de quiz te nemen!

Algemene statistieken

  • Deze quiz is 13.043 keer genomen
    (11.126 sinds de laatste reset)
  • De gemiddelde score is 94 van 196

Antwoorden op de kaart

Antwoorden kleurgecodeerd door een groen-rode schaal op de quizkaart volgens % correct hieronder.
 

Antwoordstatistieken

Land% Correct
Finland
51%
Frankrijk
51%
IJsland
51%
Italië
51%
Rusland
51%
Turkije
51%
Zweden
51%
Algerije
50%
Argentinië
50%
Australië
50%
Belarus
50%
België
50%
Bolivia
50%
Brazilië
50%
Canada
50%
Chili
50%
China
50%
Denemarken
50%
Duitsland
50%
Egypte
50%
Estland
50%
Griekenland
50%
Ierland
50%
India
50%
Indonesië
50%
Japan
50%
Kroatië
50%
Madagaskar
50%
Marokko
50%
Mexico
50%
Mongolië
50%
Nederland
50%
Nieuw-Zeeland
50%
Noorwegen
50%
Oekraïne
50%
Oostenrijk
50%
Peru
50%
Portugal
50%
Spanje
50%
Tsjechië
50%
Vaticaanstad
50%
Verenigde Staten
50%
Verenigd Koninkrijk
50%
Zuid-Afrika
50%
Zuid-Korea
50%
Afghanistan
49%
Andorra
49%
Bulgarije
49%
Colombia
49%
Cyprus
49%
Filipijnen
49%
Guyana
49%
Irak
49%
Iran
49%
Israël
49%
Kazachstan
49%
Kosovo
49%
Letland
49%
Libië
49%
Liechtenstein
49%
Litouwen
49%
Luxemburg
49%
Malta
49%
Monaco
49%
Nepal
49%
Noord-Korea
49%
Pakistan
49%
Papoea-Nieuw-Guinea
49%
Paraguay
49%
Polen
49%
Roemenië
49%
San Marino
49%
Saoedi-Arabië
49%
Slovenië
49%
Soedan
49%
Sri Lanka
49%
Suriname
49%
Thailand
49%
Tunesië
49%
Uruguay
49%
Venezuela
49%
Vietnam
49%
Zwitserland
49%
Albanië
48%
Bahama's
48%
Bangladesh
48%
Bosnië en Herzegovina
48%
Cuba
48%
Democratische Republiek Congo
48%
Ecuador
48%
Ethiopië
48%
Georgië
48%
Hongarije
48%
Jemen
48%
Jordanië
48%
Kaapverdië
48%
Laos
48%
Lesotho
48%
Maleisië
48%
Mali
48%
Moldavië
48%
Montenegro
48%
Mozambique
48%
Myanmar
48%
Noord-Macedonië
48%
Oman
48%
Panama
48%
Qatar
48%
Servië
48%
Singapore
48%
Slowakije
48%
Somalië
48%
Syrië
48%
Taiwan
48%
Verenigde Arabische Emiraten
48%
Angola
47%
Armenië
47%
Azerbeidzjan
47%
Benin
47%
Bhutan
47%
Botswana
47%
Cambodja
47%
Eswatini
47%
Guatemala
47%
Haïti
47%
Honduras
47%
Jamaica
47%
Koeweit
47%
Libanon
47%
Maldiven
47%
Mauritanië
47%
Micronesia
47%
Namibië
47%
Niger
47%
Nigeria
47%
Oezbekistan
47%
Rwanda
47%
Senegal
47%
Seychellen
47%
Tadzjikistan
47%
Tanzania
47%
Tsjaad
47%
Turkmenistan
47%
Zambia
47%
Zimbabwe
47%
Zuid-Soedan
47%
Bahrein
46%
Belize
46%
Brunei
46%
Centraal-Afrikaanse Republiek
46%
Comoren
46%
Costa Rica
46%
Djibouti
46%
Dominicaanse Republiek
46%
El Salvador
46%
Equatoriaal-Guinea
46%
Eritrea
46%
Fiji
46%
Gambia
46%
Ghana
46%
Ivoorkust
46%
Kameroen
46%
Kenia
46%
Kirgizië
46%
Kiribati
46%
Mauritius
46%
Nauru
46%
Nicaragua
46%
Oost-Timor
46%
Salomonseilanden
46%
Sao Tome en Principe
46%
Togo
46%
Burkina Faso
45%
Burundi
45%
Gabon
45%
Guinee
45%
Guinee-Bissau
45%
Liberia
45%
Malawi
45%
Marshalleilanden
45%
Oeganda
45%
Palau
45%
Republiek Congo
45%
Saint Lucia
45%
Saint Vincent en de Grenadines
45%
Samoa
45%
Sierra Leone
45%
Tonga
45%
Trinidad en Tobago
45%
Tuvalu
45%
Vanuatu
45%
Antigua en Barbuda
44%
Barbados
44%
Dominica
44%
Grenada
44%
Saint Kitts en Nevis
44%

Scoreverdeling

Percentiel versus Aantal Correcte Antwoorden

Procent van Mensen met Elke Score

Uw Scoregeschiedenis

U heeft deze quiz nog niet genomen sinds de laatste reset